| 000 | 00594nmm a2200181Ia 4500 | ||
|---|---|---|---|
| 008 | 251105s9999||||xx |||||||||||||||||und|| | ||
| 020 | _a9789588378947 | ||
| 041 | _aspa | ||
| 100 | _aCorrea Bautista, Jorge Enrique | ||
| 245 | 0 | _aPrincipios y métodos para el entrenamiento de la fuerza muscular | |
| 264 |
_a[Bogotá, Colombia] : _bUniversidad del Rosario, _c2009 |
||
| 300 | _a82 páginas | ||
| 650 | _aTravel & Sports | ||
| 700 | _aCorrea Bautista, Jorge Enrique | ||
| 700 | 1 | _a Corredor López, Diego Ermith | |
| 856 | _uhttps://public.digitaliapublishing.com/a/10278 | ||
| 942 | _cCF | ||
| 999 |
_c64232 _d64232 |
||